The Song Is Over - The Who full Lyrics - Statistics

General Stats
  • This quiz has been taken 6 times
  • The average score is 162 of 267
Answer Stats
Answer % Correct
I
100%
is
100%
over,
100%
so
100%
song
100%
The
100%
the
100%
a
75%
it,
75%
it
75%
my
75%
open
75%
sing
75%
spaces,
75%
to
75%
wide
75%
all
50%
as
50%
began.
50%
behind
50%
But
50%
door,
50%
ever
50%
first
50%
got
50%
heart
50%
I'll
50%
in
50%
It's
50%
known
50%
learn
50%
me,
50%
me.
50%
me
50%
now,
50%
out.
50%
out
50%
sang,
50%
sea,
50%
She
50%
soon
50%
They're
50%
was
50%
When
50%
ahead
25%
breath
25%
by.
25%
Can't
25%
even
25%
Excepting
25%
find
25%
for,
25%
free,
25%
free.
25%
gonna
25%
hope
25%
if
25%
I'm
25%
infinite
25%
I've
25%
left
25%
like
25%
looking
25%
love
25%
million
25%
mountains,
25%
must
25%
only
25%
Our
25%
remember,
25%
rippling
25%
should've
25%
sky-high
25%
stopped
25%
takes
25%
tears,
25%
Thought
25%
through
25%
tried
25%
visions
25%
walked
25%
with
25%
years.
25%
and
0%
easy,
0%
note,
0%
one
0%
Playing
0%
pure
0%
No matching quizzes found
Score Distribution
Percent of People with Each Score
Percentile by Number Answered
Your Score History
You have not taken this quiz